000 00578nam a2200181 u 4500
001 000251825
003 AM-YeHGA
005 20250617125038.0
008 030801s1990 ||| r 000 0 rus d
020 _a5265021558
040 _aAM-YeHGA
100 1 _aГалантер, Виктор Михайлович
245 1 0 _aИнтим :
_bРоман /
_cВиктор Галантер.
260 _aМосква :
_bСов. писатель,
_c1990.
300 _a320 с.
_b[1] л. портр.
653 0 _aРусская советская литература
090 _c91584
999 _c90293
_d90293